Welcome to the Holygrace Academy Library

Please use search bar below to get started

THE STORY OF GINGERBREAD MAN (Record no. 7504)

MARC details
000 -LEADER
fixed length control field 00249nam a22001217a 4500
082 ## - DEWEY DECIMAL CLASSIFICATION NUMBER
Classification number 823
Item number UNK/S
100 ## - MAIN ENTRY--AUTHOR NAME
Personal name UNKNOWN
245 ## - TITLE STATEMENT
Title THE STORY OF GINGERBREAD MAN
260 ## - PUBLICATION, DISTRIBUTION, ETC. (IMPRINT)
Name of publisher OP PUBLICATIONS
300 ## - PHYSICAL DESCRIPTION
Number of Pages 12
650 ## - SUBJECT ADDED ENTRY--TOPICAL TERM
Topical Term ENGLISH STORY
942 ## - ADDED ENTRY ELEMENTS (KOHA)
Koha item type Books
Holdings
Withdrawn status Lost status Collection code Home library Current library Date acquired Source of acquisition Cost, normal purchase price Full call number Accession Number Koha item type
Withdrawn Damaged Item Fiction Main Library Main Library 06/03/2005 purchase 8.00 823 UNK/S 00609 Books